000 00714nam a2200229 a 4500
999 _c374
_d374
001 374
003 BD-JhCC
005 20220608134021.0
008 171004s1976 bg a|||| |||| 000 0 ben d
020 _a9847012400197
035 _a(BD-JhCC)374
040 _aBD-JhCC
_dBD-JhCC
041 _aben
082 _223
_a891.443
_bHAQ 1976
100 _aহক, মাহমুদুল
245 _aজীবন আমার বোন /
_cমাহমুদুল হক
260 _aঢাকা;
_bসাহিত্য প্রকাশ,
_c১৯৭৬
300 _a১৫৭ পৃ.;
_c২২ সে. মি.
650 _aBengali Novel
942 _2ddc
_cBK
_01